East Asia capitals - Statistics

General Stats
  • This quiz has been taken 1,353 times
  • The average score is 5 of 6
Answer Stats
Hint Answer % Correct
Japan Tokyo
99%
China Beijing
97%
South Korea Seoul
93%
North Korea Pyongyang
84%
Taiwan Taipei
81%
Mongolia Ulaanbaatar
61%
No matching quizzes found
Score Distribution
Percent of People with Each Score
Percentile by Number Answered
Your Score History
You have not taken this quiz